004500000a220010900045001000017000002450116000173000046001337730046001799420008002259520090002339990017003231 aMcPake, John10aJohn McConnachie as the original advocate of the theology of Karl Barth in Scotland : The primacy of revelation aVol. 14, Num. 2 (1997), Páginas 101-1140 tScottish Bulletin of Evangelical Theology cANA 001040708HEMaFUSBCbFUSBCd2016-01-26l0o r2016-01-26 00:00:00w2016-01-26yANA c55730d55730